000 01190cam a2200313 i 4500
001 bg
003 BPK
005 20201130145517.0
008 070116s2005 pl f |000 0 pol
020 _a8388842870
040 _cBPK
041 1 _apol
_hger
080 _a628.3
080 _a(083.1)
100 1 _aLohr, Max.
245 1 0 _aDobre i złe rozwiązania w oczyszczalniach ścieków :
_b(poradnik projektowania, budowy i eksploatacji) /
_cM. Lohr, E. Stier, M. Fischer ; przekł. Edward S. Kempa.
246 1 _iTyt. oryg.:
_aKläranlagen im Bild
260 _aWrocław ;
_a[Nowa Ruda] :
_bWydawnictwo Maria,
_c2005.
300 _a294 s. :
_bil. (w tym kolor.) ;
_c25 cm.
500 _aTyt. oryg.: "Kläranlagen im Bild" 1981.
650 4 _aOczyszczalnia ścieków
655 4 _aPoradnik
700 1 _aFischer, Manfred.
710 2 _aWydawnictwo Maria, Maria Kokot vel Kokocińska.
_4pbl.
700 1 _aStier, Erwin
_d(1925- )
_eAutor
700 1 _aKempa, Edward Stanisław
_d(1927- 2006)
_eTłumaczenie
856 _uhttp://koha.tu.koszalin.pl/cgi-bin/koha/opac-detail.pl?biblionumber=52587
_yKatalog online BPK
942 _cKS
_2UKD
999 _c52587
_d52587